[Event "Cracovia Open A 2013-14"]
[Site "Krakow POL"]
[Date "2013.12.27"]
[Round "1.3"]
[White "Heberla,B"]
[Black "Paprocki,J"]
[Result "1-0"]
[WhiteElo "2561"]
[BlackElo "2199"]

1.c4 e5 2.g3 Nf6 3.Bg2 Bc5 4.Nc3 O-O 5.Nf3 Nc6 6.Nxe5 Bxf2+ 7.Kxf2 Nxe5 8.b3 Re8
9.Rf1 c6 10.Kg1 d5 11.d4 Neg4 12.c5 Ne3 13.Bxe3 Rxe3 14.Qd2 Qe7 15.Rf3 Rxf3
16.exf3 Be6 17.b4 Re8 18.Re1 Qc7 19.Bf1 Bf5 20.Rxe8+ Nxe8 21.Qe3 Kf8 22.Kf2 f6
23.h4 h6 24.h5 Qf7 25.g4 Bh7 26.Qf4 a6 27.Na4 Qc7 28.Qxc7 Nxc7 29.Nb6 Bb1
30.a3 Ne6 31.Nc8 Nxd4 32.Nd6 Ba2 33.Bd3 Bc4 34.Ke3 Nb5 35.Bxc4 dxc4 36.Nxc4 Ke7
37.Kd3 Ke6 38.a4 Nc7 39.Na5 Nd5 40.Nxb7 Nxb4+ 41.Kd4 Nc2+ 42.Ke4 Nb4 43.Nd6 Nd5
44.Kd4 Nf4 45.Ke4 Nd5 46.Kd4 Nf4 47.Nf5 Kf7 48.Kc4 Ne6 49.Kb4 Ke8 50.Ka5 Kd7
51.Kxa6 Nxc5+ 52.Ka5 Kc7 53.Nxg7 Nb3+ 54.Kb4 Nd4 55.Ne8+ Kb6 56.a5+ Ka6 57.Nxf6 Nxf3
58.Ng8 Ne5 59.Nxh6 Nd3+ 60.Kc3 Nf4 61.Nf7  1-0

[Event "Cracovia Open A 2013-14"]
[Site "Krakow POL"]
[Date "2013.12.27"]
[Round "1.22"]
[White "Paszewski,M"]
[Black "Nasuta,G"]
[Result "0-1"]
[WhiteElo "2103"]
[BlackElo "2331"]

1.c4 e5 2.g3 Nf6 3.Bg2 d5 4.cxd5 Nxd5 5.Nc3 Nb6 6.Nf3 Nc6 7.O-O Be7 8.d3 O-O
9.Be3 Be6 10.Rc1 f6 11.Ne4 Bd5 12.Nc5 Bxc5 13.Bxc5 Re8 14.a3 Qd7 15.Nd2 Bxg2
16.Kxg2 Nd5 17.Qb3 Re6 18.Qc4 Rd8 19.b4 b6 20.b5 Na5 21.Qa4 a6 22.Bb4 axb5
23.Qc2 Nc6 24.Qb2 Ndxb4 25.axb4 Qe7 26.Rb1 Rd4 27.Qa2 Nxb4 28.Qa8+ Rd8 29.Qa3 c5
30.Qb3 Kh8 31.Ne4 Qd7 32.Rfc1 Ree8 33.h4 h6 34.Ra1 f5 35.Nc3 Ra8 36.Kg1 Ra5
37.Nd1 Rea8 38.Rxa5 Rxa5 39.Ne3 f4 40.gxf4 exf4 41.Ng2 f3 42.exf3 Nxd3 43.Rd1 c4
44.Qc3 Ra8 45.Ne3 Qh3 46.Qd4 Qxf3 47.Ng4  0-1

[Event "Cracovia Open A 2013-14"]
[Site "Krakow POL"]
[Date "2013.12.27"]
[Round "1.18"]
[White "Bus,Konrad"]
[Black "Aliavdin,N"]
[Result "1-0"]
[WhiteElo "2110"]
[BlackElo "2369"]

1.c4 e5 2.g3 h5 3.h4 Nc6 4.Nc3 Nf6 5.Bg2 Bc5 6.e3 a6 7.Nge2 d6 8.O-O Bg4
9.a3 Qc8 10.b4 Ba7 11.Nd5 Nxd5 12.cxd5 Ne7 13.Bb2 Bh3 14.Nc3 Bxg2 15.Kxg2 Qd7
16.Rc1 f5 17.Qb3 O-O 18.Ne2 Kh7 19.d4 Ng6 20.dxe5 dxe5 21.Ng1 f4 22.exf4 exf4
23.Nf3 fxg3 24.fxg3 Qg4 25.Ng5+ Kh6 26.Bxg7+ Kxg7 27.Rxc7+  1-0

[Event "6th Marseille Open 2013"]
[Site "Marseille FRA"]
[Date "2013.12.27"]
[Round "3.1"]
[White "Vovk,Y"]
[Black "Messinger,K"]
[Result "1/2-1/2"]
[WhiteElo "2594"]
[BlackElo "2190"]

1.c4 e5 2.g3 c6 3.d4 e4 4.Nc3 d5 5.Nh3 Bb4 6.Qb3 a5 7.c5 Ne7 8.a3 Bxc3+ 9.bxc3 h5
10.f3 a4 11.Qb1 exf3 12.exf3 Bf5 13.Qxb7 Nd7 14.Bf4 O-O 15.Kf2 Qa5 16.Qb4 Qa7
17.Qb2 Rfe8 18.Re1 Nf8 19.Bd6 Ne6 20.Nf4 Nc8 21.Nxe6 Nxd6 22.Nxg7 Rxe1 23.Kxe1 Rb8
24.Qd2 Qe7+ 25.Kf2 Kxg7 26.cxd6 Qxd6 27.Be2 Bg6 28.Ra1 Rb3 29.Qc1 Qb8 30.Bd1 Rb2+
31.Kg1 h4 32.Qg5 hxg3 33.Qxg3 Qb5 34.h4 Kh7 35.Qe5 Qd3 36.h5 Be4 37.Qf4 Bf5
38.Bxa4 Be6 39.Re1 Qxd4+ 40.cxd4  1/2-1/2

[Event "Cracovia Open A 2013-14"]
[Site "Krakow POL"]
[Date "2013.12.28"]
[Round "2.20"]
[White "Ruecker,Be"]
[Black "Rozycki,B"]
[Result "1/2-1/2"]
[WhiteElo "2258"]
[BlackElo "2052"]

1.c4 e5 2.g3 Nf6 3.Bg2 d5 4.cxd5 Nxd5 5.Nc3 Nb6 6.Nf3 Nc6 7.O-O Be7 8.Rb1 O-O
9.b4 e4 10.Nxe4 Bf5 11.Ne1 Nxb4 12.a3 N4d5 13.Qb3 c5 14.d3 Rc8 15.Bb2 c4
16.dxc4 Nxc4 17.Nd3 Bxe4 18.Bxe4 Nf6 19.Bxb7 Nd2 20.Qa4 Rc7 21.Qxa7 Nxb1
22.Rxb1 Qb8 23.Bd4 Rd8 24.Ne5 Qxa7 25.Bxa7 Bxa3 26.Rb5 Ne8 27.Rb3 Bc1 28.Nc6 Rdd7
29.Na5 Bd2 30.Bc6 Rxa7 31.Rb8 Kf8 32.Nc4 Ke7 33.Nxd2 Rxd2 34.Rxe8+ Kf6 35.Bf3 Ra1+
36.Kg2 Rdd1 37.Be4 Rg1+ 38.Kf3 Ra3+ 39.Bd3 g5 40.Rh8 Rd1 41.Ke3  1/2-1/2

[Event "6th Marseille Open 2013"]
[Site "Marseille FRA"]
[Date "2013.12.28"]
[Round "6.4"]
[White "Malassagne,R"]
[Black "Collas,S"]
[Result "1/2-1/2"]
[WhiteElo "2124"]
[BlackElo "2259"]

1.c4 e5 2.g3 Nf6 3.Bg2 d5 4.cxd5 Nxd5 5.Nf3 Nc6 6.O-O Nb6 7.b3 Bd6 8.Bb2 O-O
9.d4 exd4 10.Bxd4 Nxd4 11.Qxd4 Be7 12.Nc3 Qxd4 13.Nxd4 Bf6 14.e3 c5 15.Nde2 c4
16.Nd4 Rd8 17.Rfd1 Bg4 18.Rd2 Rd7 19.h3 Be6 20.Rad1 cxb3 21.axb3 Bxb3 22.Nxb3 Rxd2
23.Rxd2 Bxc3 24.Rd3 Bb4 25.Bxb7  1/2-1/2

[Event "Cracovia Open A 2013-14"]
[Site "Krakow POL"]
[Date "2013.12.31"]
[Round "6.2"]
[White "Mastrovasilis,A"]
[Black "Warakomski,T"]
[Result "1-0"]
[WhiteElo "2550"]
[BlackElo "2499"]

1.c4 e5 2.g3 Nc6 3.Nc3 d6 4.Nf3 f5 5.d4 e4 6.d5 exf3 7.dxc6 bxc6 8.exf3 Be7
9.Bg2 Bf6 10.O-O Ne7 11.f4 Bd7 12.c5 Qb8 13.Be3 Qxb2 14.Bd4 Qb4 15.Bxf6 gxf6
16.Re1 d5 17.Nxd5 cxd5 18.Bxd5 c6 19.Qh5+ Kd8 20.Rxe7 Be8 21.Qe2 cxd5 22.Re1 Bd7
23.Rxd7+  1-0

[Event "26th Staufer-Open A 2014"]
[Site "Schwaebisch Gmuend GER"]
[Date "2014.01.02"]
[Round "1.9"]
[White "Carlstedt,J"]
[Black "Thomas,In"]
[Result "1-0"]
[WhiteElo "2426"]
[BlackElo "2161"]

1.c4 e5 2.g3 Nc6 3.Bg2 h5 4.h3 Bc5 5.Nc3 d6 6.Nf3 Nge7 7.e3 Nf5 8.a3 a5 9.b3 Rh6
10.Bb2 Kf8 11.Qc2 Bd7 12.O-O-O Qb8 13.g4 Nfe7 14.d4 exd4 15.exd4 Ba7 16.d5 Ne5
17.Nxe5 dxe5 18.Ne4 Ng6 19.Bf3 Qe8 20.Qd2 Nh4 21.Be2 f5 22.gxf5 Nxf5 23.c5 Qe7
24.Qxa5 b6 25.d6 cxd6 26.cxb6 Rc8+ 27.Kb1 Bb8 28.Bb5 Be6 29.Rc1 Qb7 30.Ng5 Nd4
31.Nxe6+ Rxe6 32.Rxc8+ Qxc8 33.Bc4 Qb7 34.Bd5 Nxb3 35.Bxb7 Nxa5 36.Bd5 Re7
37.Rc1 Re8 38.Bc3 Nc6 39.Bxc6 Rc8 40.Ba5 Rxc6  1-0

[Event "26th Staufer-Open A 2014"]
[Site "Schwaebisch Gmuend GER"]
[Date "2014.01.02"]
[Round "2.17"]
[White "Seifert,C"]
[Black "Denisow,J"]
[Result "1-0"]
[WhiteElo "2316"]
[BlackElo "2180"]

1.c4 e5 2.g3 h5 3.h4 Bc5 4.Bg2 Nf6 5.Nc3 Nc6 6.d3 d6 7.Bg5 Be6 8.Nd5 Bxd5
9.cxd5 Ne7 10.Qb3 Ng4 11.Nh3 f6 12.Bd2 Nf5 13.e3 O-O 14.O-O g5 15.Be4 Ng7
16.hxg5 fxg5 17.d4 exd4 18.exd4 Bxd4 19.Bxg5 Qd7 20.Nf4 Rae8 21.Qd3 Nf5 22.Ne6 Ne5
23.Qb3 Bb6 24.Rad1 Rf7 25.Kg2 a5 26.Rd2 a4 27.Qc2 Ng7 28.Qd1 Ng4 29.Bg6 Nxe6
30.Bxf7+ Qxf7 31.dxe6 Rxe6 32.Qxa4 Re5 33.Qa8+ Kh7 34.Bf4 Rf5 35.Re2 Qd5+
36.f3 Ne5 37.Bxe5 Rxe5 38.Rfe1 Qd4 39.Kh3 Qd5 40.Rxe5 dxe5 41.Qe8 Qxf3 42.Qxe5 Qg4+
43.Kg2  1-0

[Event "ch-AUS 2014"]
[Site "Melbourne AUS"]
[Date "2014.01.05"]
[Round "5.2"]
[White "Papin,V"]
[Black "Tu Hoang Thong"]
[Result "1/2-1/2"]
[WhiteElo "2510"]
[BlackElo "2428"]

1.c4 e5 2.g3 d5 3.cxd5 Qxd5 4.Nf3 Bb4 5.a3 e4 6.Nh4 Ba5 7.b4 Bb6 8.Bb2 e3
9.f3 f6 10.Ng2 exd2+ 11.Nxd2 Qf7 12.e4 Be6 13.Nf4 Nc6 14.Nxe6 Qxe6 15.Nc4 Rd8
16.Qa4 Ne7 17.Nxb6 axb6 18.Rc1 h5 19.Bc4 Qh3 20.Bf1 Qe6 21.Bc4 Qh3 22.Bf1  1/2-1/2